| 000 | 00841nam a2200205Ia 4500 | ||
|---|---|---|---|
| 003 | OSt | ||
| 005 | 20241104141226.0 | ||
| 007 | ca aa aaaaa | ||
| 008 | 201103s9999 xx 000 0 und d | ||
| 040 | _cSSBUL | ||
| 041 | _abur | ||
| 082 |
_223 _a၂၉၄.၃၄၄၃၅ တင် _b၉၂၀၁ S-SAT |
||
| 100 | 0 | _aတင်မွန်၊ မင်း၊ ဒေါက်တာ- | |
| 245 | 1 | 0 |
_aအမြတ်ဆုံးပန်းတိုင်ဧကန်ပိုင် (ပထမတွဲ) / _bဒေါက်တာမင်းတင်မွန်။ |
| 260 |
_aရန်ကုန် ၊ _bရတနာမင်းစာပေ၊ _c၁၉၉၂။ |
||
| 300 |
_a၃၁၅ စာမျက်နှာ ၊ _c၂၄ စင်တီ။ |
||
| 500 | _aS-SAT: Dr. Sai Aung Tun | ||
| 650 | _aဝိပဿနာ | ||
| 942 |
_2ddc _cBK1 |
||
| 999 |
_c16793 _d16793 |
||